Normal view MARC view

Entry Personal Name

Number of records used in: 3

001 - CONTROL NUMBER

  • control field: 26432

003 - CONTROL NUMBER IDENTIFIER

  • control field: dpl

005 - DATE AND TIME OF LATEST TRANSACTION

  • control field: 20110307162134.0

008 - FIXED-LENGTH DATA ELEMENTS

  • fixed length control field: 110307|||a|||||| | ||| d

040 ## - CATALOGING SOURCE

  • Original cataloging agency: dpl
  • Transcribing agency: dpl

100 ## - HEADING--PERSONAL NAME

  • Personal name: Khurana, D. K.

670 ## - SOURCE DATA FOUND

  • Source citation: Work cat.: (dpl)488: Short rotation forestry, 2006

670 ## - SOURCE DATA FOUND

  • Source citation: Work cat.: (dpl)488: Short rotation forestry, 2006

© Delhi Public Library
Hit Counter
free hit counter